00736nam a2200193 a 450000100100000000500170001000800410002702000150006804000250008308200140010824000420012224501070016426000590027130000210033050000270035170000350037895201120041399900170052500003714420200930080153.0120217s1991 ag 000 0 spa d a9500236133 aDO-SdBNPbspacBNPHU axxxxbE5504aMultinational corporationslEspañol04aLas empresas multinacionales. /ccompilación de Theodore H. Moran; traducción de Emilio M. Sierra. aBuenos Aires :bLibreria "El ateneo" Editorial,c1991. a262 p. ;c23 cm. aTraducido del inglés1 aSierra, Emilio M.,etr.963548 001050718MOaGRbGRcCTd2012-02-17iLF1l0oxxxx E55p37144-10r2020-06-25w2020-06-25y1ZNo se presta c36634d36634